00914nam a2200253 a 4500001000800000005001700008008004100025020001500066040001800081050002000099100004100119245005700160260010400217300002800321500003200349504003100381650002900412650003700441650002300478650003400501942001100535999001100546952010300557BRCA_4020190320202845.0930804s1994 enka---##b---#001-0#eng-# a0415068576 aDLCcDLCdDLC 4aAM5b.C667 19941 aHooper-Greenhill, Eileand1945-918110aMuseums and their VisitorscEilean Hooper-Greenhill. aLondres ; Nueva YorkbThe Conservation Unit of the Museums & Galleries Commission ; Routledgec1994 axv, 206 p.bil.c26 cm. aIncluye índice y glosario aBibliografía: p. 185-19714aAsistencia a museos918214aMuseosxAspectos educativos918314aMuseografía918414aMuseosxAdministración9185 2lcccB c40d40 00104070aBRCAbBRCAd2008-06-25l0oAM5 .C667 1994p00035_1r2019-03-23 00:00:00w2019-03-23yB